02204nmm a22002297a 4500999001500000003000400015005001700019008004100036020001800077040000700095245007300102260004300175300001800218310001400236362001600250500144300266650002601709700004501735856010601780942001201886952007601898 c5187d5187OSt20240419110436.0191018e xxu|||||o||d| 00| 0 spa d a9789507277252 cPJ10aRevista Laboral :bjornada y descanso /cMario E. Ackerman director. aSanta Fé :bRubinzal Culzoni,c2006. a536p.c22 cm. asemestral aNo.1(2006)  aReflexiones en torno de la jornada de trabajo, por Antonio Vázquez Vialard; La jornada de trabajo en las normas de la OIT, por Mario Ackerman; Jornada de trabajo de mujeres y principio de igualdad y no discriminación, por Pablo Arnaldo Topet; Las excepciones a la jornada de trabajo y el quid "vigilancia superior-vigilancia subalterna", por Eduardo Álvarez; La regulación de la jornada en las provincias, por Jorge J. Sappia; Reflexiones sobre la jornada promedio, por Javier Adrogué; Limitaciones legales a las que está sujeta la jornada de trabajo. Las "horas extra", por Cecilia M. Murray y Miguel Ángel Pirolo; Horas extraordinarias, por Albor Ángel Cantard; Patología de la jornada de trabajo, por Jorge Elías; Trabajo por equipos, por Valentín Rubio; Jornada laboral del docente privado, por Ricardo Francisco Seco; Camioneros. Transporte, jornadas, horas extras y lo nocivo por lo crónico, por María del Carmen Piña; Las pausas en la jornada de trabajo, por Carlos Alberto Etala; Vacaciones y época para su otorgamiento, por Armando B. Rocha; Algunas consideraciones respecto del descanso semanal, por Silvia E. Pinto Varela; Francos no gozados. ¿Se justifican normativamente los argumentos tradicionales?, por Silvia Díaz; El tiempo de trabajo y su tratamiento en los Convenios Colectivos de Trabajo, por Carlos M. Aldao-Zapiola. Jurisprudencia agrupada, por Raúl Horacio Ojeda.  091316aDERECHO LABORAL 91423aAckermann, Mario Eduardoedirector uhttps://www.rubinzal.com.ar/revistas/revista-de-derecho-laboral/5/?menupc=1yRevista Derecho Laboral  2udccPP 00102udc4070aDJSbDJSd2024-04-19p5464r2024-04-19w2024-04-19yPP